| 000 | 00978cam a2200217 4500 | ||
|---|---|---|---|
| 001 | WB3814-17 | ||
| 008 | 020418n2002 000 0 eng u | ||
| 035 | _a(Sirsi) u117568 | ||
| 245 | _aMissed budget opportunity | ||
| 260 | _c2002 | ||
| 490 |
_aRICS Press Release _v(pr046) 17 April 2002 (1) |
||
| 520 | _aRICS argue that the chancellor missed theopportunity to help first-time buyers to gain first step on housing ladder by failing to raise the upper limit to which zero stamp duty applies. The current level of £60,000 is too low given the price of property at the moment and a raise in the limit could give a welcome boost to the market. For news release:http://www.rics.org/downloads/Housing_Mar02.pdf | ||
| 590 | _aWB | ||
| 650 | _aCHANCELLOR OF THE EXCHEQUER | ||
| 650 | _aBUDGET | ||
| 650 | _aFIRST-TIME BUYERS | ||
| 650 | _aPROPERTY PRICES | ||
| 650 | _aHOUSE PRICES | ||
| 690 | _aPROPERTY-RESIDENTIAL PROPERTY-RESIDENTIAL PROPERTY MARKET | ||
| 942 | _n0 | ||
| 999 |
_c70011 _d70011 |
||